| 000 | 00379nam a2200145Ia 4500 | ||
|---|---|---|---|
| 005 | 20260328101516.0 | ||
| 008 | 260328s9999||||xx |||||||||||||| ||und|| | ||
| 100 | _aWachsmann, Konrad | ||
| 245 | 4 |
_aThe turning point of Building : _b Structure and Design / _cKonrad Wachsmann |
|
| 250 | _a1a ed. | ||
| 260 | _bReinhold | ||
| 300 | _a238 p. | ||
| 650 | _aESTRUCTURAS | ||
| 942 | _cBK | ||
| 999 |
_c9370 _d9370 |
||